Responses for Show #7687 - Tuesday, January 30, 2018

Ryan Fenster game 2.

Contestants

[<< previous game]

Brandey Chandler, an improv actor and library worker from Lee's Summit, Missouri

Emily Lewis, a merchandise planner from San Diego, California

Ryan Fenster, a banker from SeaTac, Washington (whose 1-day cash winnings total $20,999)

[next game >>]

Jeopardy! Round responses

LOGO A-GOGO
TV COMEDY ADJECTIVES
NOT TO BE CONFUSED
"SAY" YOU WILL
(Alex: "S-A-Y" coming up in each correct response.)
WRITE, PATTERSON
AIR FORCE BASE
    $200 18
Coca-Cola

Brandey
    $200 8
[Alex reads the blank as "This".]

Unbreakable

Emily
    $200 23
(Alex: [To Brandey] I'm glad you got that.)
[Laughter]

a pedicure

Brandey
    $200 7
(Ryan: What is the written?)

the essay

RyanBrandey
    $200 6
the Edgar Award

Brandey
    $200 1
(Emily: What is Kitty Hawk?)
(Brandey: What is Columbus?)
(Ryan: What is Akron?)
...
[Alex mimes praying]

Dayton

RyanEmilyBrandey
Triple Stumper
    $400 19
Target

Brandey
    $400 9
[Alex reads the blank as "These".]

Happy

Emily
    $400 24
tears

Brandey
    $400 13
hearsay

Ryan
    $400 17
golf

Emily
    $400 2
the Space Shuttle

Ryan
    $600 20
Arby's

Brandey
    $600 10
[Alex reads the blank as "This blank".]

Clueless

Emily
    $600 25
a frittata

Brandey
    $600 14
a soothsayer

Ryan
    $600 28
Alex Cross

Brandey
    $1,000 3
[Ryan imitates the Daily Double sound cue.]
(Alex: You can risk--
(Ryan: It's what I always do at home. Uh, let's do a True Double.)
(Alex: True Daily Double? All right. You know you can risk up to a thousand.)
(Ryan: Oh. Then, yes, that's what I will do, sorry.)

the Royal Air Force (or RAF)

Ryan
    $800 21
Quaker Oats

Ryan
    $800 11
[Alex reads the blank as "Which".]

Odd

Emily
    $800 26
(Ryan: Who is Manisa?)

Alexander Pope & Pope Alexander

Ryan
Triple Stumper
    $800 15
gainsay

Ryan
    $800 29
Toys "R" Us

Emily
    $800 4
refueling

Ryan
    $1000 22
Ferrari

Brandey
    $1000 12
[Alex reads the blank as "This kind of".]

Flying

Brandey
    $1000 27
(Ryan: What is Rhode Island?)

North Dakota

Ryan
Triple Stumper
    $1000 16
assay offices

Ryan
    $1000 30
Witch & Wizard

Triple Stumper
    $1000 5
(Ryan: What's the A-1?)

the F-16

Ryan
Triple Stumper

Scores at the first commercial break (after clue 15):

Ryan Emily Brandey
$2,600 $1,800 $1,200

Scores at the end of the Jeopardy! Round:

Ryan Emily Brandey
$2,600 $3,000 $5,200

Double Jeopardy! Round responses

FRENCH SCIENTISTS & INVENTORS
THROWING SHADE
HISTORY
TWO-HANDERS
EVERY YEAR
THIS IS "TH" PLACE
(Alex: "T-H" comin' up in each correct response.)
    $400 30
(Jacques) Cousteau

Ryan
    $400 16
overcast

Ryan
    $400 1
the Suez Canal

Brandey
    $400 11
Penn & Teller

Emily
    $400 6
Western Writers of America

Brandey
    $400 21
(Brandey: What is Nut Hall?)

Thames

RyanBrandey
    $800 27
Pasteur

Brandey
    $800 17
darken my door

Triple Stumper
    $800 2
Waterloo

Ryan
    $800 12
Barbara and Jenna Bush

Brandey
    $3,000 7
Ash Wednesday

Brandey
    $800 22
Thebes

Brandey
    $1200 26
(Pierre) Curie

Ryan
    $1200 18
umbra

Ryan
    $4,000 5
Bikini Atoll

Ryan
    $1200 13
Stratego

Emily
    $1200 8
the Macy's Thanksgiving Parade

Brandey
    $1200 23
Three Rivers Stadium

Triple Stumper
    $1600 29
aphasia

Ryan
    $1600 19
gloom

Ryan
    $1600 4
the Beer Hall Putsch

Ryan
    $1600 14
(Brandey: What is Aladdin?)

Beauty and the Beast

EmilyBrandey
    $1600 9
(Emily: What are pumpkins?)

watermelons

RyanEmily
    $1600 24
Thermopylae

Ryan
    $2000 28
(Brandey: Who is--who are Daguerre?)

the Lumière brothers

Brandey
Triple Stumper
    $2000 20
obscurity

Ryan
    $2000 3
(Dag) Hammarskjold

Ryan
    $2000 15
Love Letters

Triple Stumper
    $2000 10
a tern

Ryan
    $2000 25
Thule

Ryan

Scores at the end of the Double Jeopardy! Round:

Ryan Emily Brandey
$27,000 $4,600 $8,600
(lock game)

[wagering suggestions for these scores]

Final Jeopardy! Round responses

LITERATURE & MYTHOLOGY
(Alex: It was a novel by James Joyce.)
...
(Alex: [To Brandey] Portrait of the Artist as a Young Man.)
EmilyWho is ?
$4,600
BrandeyWho is Daedalus
$3,401
RyanWho is Icarus
$6,000
Stephen Dedalus

Final scores:

Ryan Emily Brandey
$21,000 $0 $12,001
2-day champion: $41,999 3rd place: $1,000 2nd place: $2,000

Game dynamics:

Coryat scores:

Ryan Emily Brandey
$23,800 $4,600 $6,400
24 R
(including 2 DDs),
5 W
9 R,
2 W
18 R
(including 1 DD),
4 W

Combined Coryat: $34,800

[game clues] [game scores] [suggest correction]

Game tape date: 2017-11-07
The J! Archive is created by fans, for fans. Scraping, republication, monetization, and malicious use prohibited; this site may use cookies and collect identifying information. See terms. The Jeopardy! game show and all elements thereof, including but not limited to copyright and trademark thereto, are the property of Jeopardy Productions, Inc. and are protected under law. This website is not affiliated with, sponsored by, or operated by Jeopardy Productions, Inc. Join the discussion at JBoard.tv.